000 00348cam a2200133 4500
008 160412n 000 0 eng u
020 _a7989970204007
035 _a(Sirsi) a195838
110 _a
245 _aPallitive Care/Downing Julia... et al
260 _akampala:African Palliative Care,2011.
300 _a85pages
700 _aJulia Dowing
999 _c36954
_d36954